Guess the Footballers by their Teams - Picture Edition #2 - Statistics

General Stats
  • This quiz has been taken 146 times
  • The average score is 12 of 15
Answer Stats
Picture Answer % Correct
Kaká
98%
Thierry Henry
98%
Ronaldinho
94%
Didier Drogba
91%
Christian Pulisic
88%
Ruud Gullit
88%
Casemiro
86%
Fabio Cannavaro
82%
Nani
82%
Christian Eriksen
79%
Alexis Sánchez
76%
Pedro
68%
Gareth Barry
51%
Jurgen Klinsmann
51%
Ezequiel Lavezzi
48%
No matching quizzes found
Score Distribution
Percent of People with Each Score
Percentile by Number Answered
Your Score History
You have not taken this quiz